| 000 | 00822nam a2200253 a 4500 | ||
|---|---|---|---|
| 001 | 67550 | ||
| 003 | BD-RjUL | ||
| 005 | 20211209081653.0 | ||
| 008 | 790907s1980 ilua b 001 0 eng | ||
| 020 |
_a0673151514 : _c$15.95 |
||
| 035 | _a(BD-RjUL)67681 | ||
| 040 |
_aDLC _cDLC _dDLC _dBD-RjUL _beng |
||
| 041 | _aeng | ||
| 060 | _aWM100.3 L183m | ||
| 082 | 0 | 0 |
_223 _a616.89 _bLAM 1980 |
| 100 | 1 |
_aLahey, Benjamin B. _991998 |
|
| 245 | 1 | 0 |
_aMaladaptive behavior : _ban introduction to abnormal psychology / _cBenjamin B. Lahey, Anthony R. Ciminero. |
| 260 |
_aGlenview, Ill. : _bScott, Foresman, _cc1980. |
||
| 300 |
_a668 p. : _bill. ; _c24 cm. |
||
| 504 | _aIncludes Bibliography and index. | ||
| 650 | 0 |
_aPsychology, Pathological _9200154 |
|
| 700 | 1 |
_aCiminero, Anthony R., _ejoint author. _9200155 |
|
| 942 |
_2ddc _cBK |
||
| 999 |
_c67550 _d67550 |
||